Statistiques concernant Paroles - Nekfeu - Cheum

Cliquez ici pour prendre le quiz!

Statistiques générales

  • Ce quiz a été pris 154 fois
    (153 depuis la dernière actualisation)
  • Le résultat moyen est 381 sur 610

Statistiques - réponses

Paroles% Correct
à
100%
a
100%
Au
100%
au
100%
cheum
100%
collège,
100%
je
100%
Je
100%
j'étais
100%
de
99%
ma
95%
m'a
95%
Ma
95%
des
94%
la
93%
un
93%
comme
91%
Mais
91%
mais
91%
déter'
90%
le
89%
Le
89%
PlayStation,
89%
V
89%
Dans
88%
dans
88%
rêve,
88%
jeux
87%
y
87%
Y
87%
Et
84%
et
84%
revendais,
84%
ta
84%
tête
84%
jeune
83%
j'les
83%
J'volais
83%
quoi
83%
jeunes ?
80%
avec
79%
coupe
79%
j'm'achetais
79%
Les
79%
les
79%
tout
79%
ce
78%
me
78%
lé-par
77%
par
77%
J'avais
76%
j'avais
76%
pas
76%
J'trainais
74%
que
74%
C'est
73%
c'est
73%
du
73%
en
73%
Si
73%
si
73%
j'ai
72%
plus
72%
il
71%
gel,
70%
sa
70%
con
68%
J'faisais
68%
compte
66%
l'apparence
66%
Mon
66%
mon
66%
na
66%
bel
65%
vite
65%
compris
63%
trahi
63%
vie
63%
sociale
62%
soirée,
62%
seul
61%
l'assistante
60%
ne
60%
pieds
60%
scoop,
60%
elle
59%
police
59%
Reese
59%
scoot'
59%
GIF
57%
J'arrive
57%
lien
57%
parents
57%
pics
57%
Nan,
56%
qui
56%
avait
55%
gifle
55%
l'Etat
55%
n'ai
55%
pris
55%
qu'on
55%
repars
55%
s'coupe,
55%
"Son
55%
trop
55%
contrôlait
54%
Ils
54%
mec
54%
Papa
54%
tu
54%
Tu
54%
Beriz
52%
équipe,
52%
siècle
52%
vraie
52%
parle
51%
amoureux
50%
appareil
50%
chleuh
50%
essayait
50%
était
50%
grand
50%
J'suis
50%
j'suis
50%
race"
50%
scène
50%
boucle
49%
français
49%
j'vais
49%
minorités
49%
niquer
49%
pareil
49%
traîne
49%
vas,
49%
vas
49%
veulent
49%
contre
48%
lui
48%
racistes
48%
tourne
48%
alors
46%
Alors
46%
beau,
46%
beau
46%
d'Sarah,
46%
qu'avec
46%
égo
45%
exclure
45%
naïf
45%
Voilà
45%
agir ;
44%
Arabes
44%
faut
44%
pète
44%
vélo
44%
volé
44%
babtou
43%
on
43%
On
43%
ai
41%
démoli,
41%
donc
41%
d'protester
41%
lit,
41%
chauve,
40%
chauve"
40%
chinois,
40%
suis
40%
signe
39%
"Arrête
38%
casquettes,
38%
casquettes
38%
dit :
38%
d'oseille
38%
finir
38%
jogging
38%
mettre
38%
ceux
37%
Kid
37%
moches,
37%
Paddle
37%
Sankara,
37%
sœur
37%
veux
37%
deux
35%
d'eux
35%
elles
35%
qu'un
35%
samedi
35%
voulaient
35%
affreux
34%
avaient
34%
dessine
34%
draguait,
34%
goûter
34%
l'plus
34%
mes
34%
ouais
34%
Ouais,
34%
sans
34%
vécu
34%
vélos,
34%
finis
33%
mettrai
33%
touristes
33%
droga
32%
est
32%
victoire
32%
cours
30%
jolies
30%
l'index
30%
petit
30%
qu'une
30%
Trilogie
30%
Troca'
30%
yah
30%
Yah
30%
bilingue
29%
carats
29%
d'la
29%
ie-v
29%
j'en
29%
j'm'occupe
29%
L'été
29%
l'soir
29%
bah,
28%
calme
28%
c'était
28%
gars
28%
merde
28%
qu'il
28%
cket-ra
27%
foutait
27%
monde
27%
être
26%
juste
26%
vaincus,
26%
battles
24%
eh
24%
illogique
24%
maintenant
24%
Neiman
24%
pires
24%
p'tit
24%
t'y
23%
fille ?
22%
j'écume
22%
lever
22%
l'Ouest,
22%
puis
22%
sceptique,
22%
bien
21%
drogue
21%
gifles,
21%
pile
21%
3
20%
"Hé
20%
trait
20%
après
18%
feu
18%
Billal
17%
fais
17%
jour
17%
j'te
17%
sweat
17%
cœur
16%
donne
16%
gros
16%
GTA
16%
illettrés
16%
l'annexe
16%
Wear"
16%
cette
15%
disaient
15%
génération
15%
J'veux
15%
souviendrai,
15%
contrats
13%
follet
13%
J'm'en
13%
nana
13%
signer
13%
super
13%
vendetta,
13%
adroit
12%
l'action,
12%
n'étais
12%
pour
12%
Sinatra
12%
J'aimais
11%
qu'tu
11%
vois
11%
Billay
10%
d'l'Histoire
10%
mettes
10%
swing
10%
cimenterai
9%
mojo
9%
notre
7%
piloter
7%
zippette
7%
droite,
6%
Vas-y,
6%
l'cylindré
5%
l'instant,
5%

Distribution des résultats

Percentile par nombre de réponses

% des personnes avec chaque résultat

Votre développement - résultats

Vous n’avez pas pris ce quiz depuis la dernière actualisation